Szczegóły MARC21

Podstawy metod statystycznych w turystyce i rekreacji. T. 1 /

005 -DATA I CZAS OSTATNIEJ MODYFIKACJI [,]
    • @
    • pole kontrolne
    • 20080605143710.0
020 -Międzynarod. znormalizowany nr książki - ISBN [ , ]
    • a
    • Numer ISBN
    • 8388923099 Find
040 -Instytucja sporządzająca opis [ , ]
    • a
    • Instytucja, która sporządziła opis (NP)
    • SZCZ U/IJ
    • c
    • Instytucja, która sporządziła rekord (NP)
    • SZCZ U/IJ
    • d
    • Instytucja, która zmodyfikowała rekord (P)
    • SZCZ U/OG
041 -Język dokumentu [0, ]
    • a
    • Język tekstu (P)
    • polski
044 -Kraj miejsca wydania [ , ]
    • a
    • Kraj miejsca wydania
    • Polska
942 -Rodzaj dokumentu [ , ]
    • c
    • Rodzaj dokumentu
    • Książka
100 -Hasło główne - nazwa osobowa [1, ]
    • a
    • Nazwa osobowa (NP)
    • Wagner, Wiesław.
    • 9
    • KHW
    • 416500
245 -Strefa tytułu i oznaczenia odpowiedzialności [1,0]
    • a
    • Tytuł
    • Podstawy metod statystycznych w turystyce i rekreacji. Find
    • n
    • Oznaczenie części (P)
    • T. 1 /
    • c
    • Pozostałe elementy strefy tytułu i oznaczenia odpowiedzialności (NP)
    • Wiesław Wagner ; Akademia Wychowania Fizycznego im. Eugeniusza Piaseckiego.
260 -Strefa adresu wydawniczego [ , ]
    • a
    • Miejsce wydania (P)
    • Poznań :
    • b
    • Nazwa wydawcy (P)
    • Akademia Wychowania Fizycznego,
    • c
    • Data wydania (P)
    • 2002.
300 -Strefa opisu fizycznego [ , ]
    • a
    • Określenie formy książki i/lub objętość (NP)
    • 215 s. :
    • b
    • Oznaczenie ilustracji (NP)
    • wykr. ;
    • c
    • Format (NP)
    • 24 cm.
490 -Strefa serii i książki wielotomowej - forma nie do wyszukiwania [1, ]
    • a
    • Tytuł (P)
    • Seria Podręczniki / Akademia Wychowania Fizycznego im. Eugeniusza Piaseckiego w Poznaniu, Find
    • x
    • ISSN (NP)
    • 0303-5107 ;
    • v
    • Numeracja (P)
    • nr 53
830 -Hasło dodatkowe serii i opisu książki wielotomowej - tytuł ujednolicony/tytuł [ ,0]
    • a
    • Tytuł ujednolicony/tytuł (NP)
    • Podręczniki - Akademia Wychowania Fizycznego im. Eugeniusza Piaseckiego w Poznaniu,
    • x
    • ISSN
    • 0303-5107 ;
    • v
    • Oznaczenie tomu (NP)
    • nr 53
504 -Uwaga dot. bibliogr. załącznikowej [ , ]
    • a
    • Uwaga dot. bibliografii załącznikowej
    • Bibliogr. Ind.
080 -Uniwersalna Klasyfikacja Dziesiętna [ , ]
    • 2
    • Identyfikator wydania tablic
    • UDC-P058
    • a
    • Symbol klasyfikacji
    • 311
    • b
    • Dopowiedzenie
    • Statystyka jako nauka. Teoria statystyki. Metody statystyczne.
    • x
    • Poddział wspólny
    • (075.8)
    • b
    • Dopowiedzenie
    • (Podręczniki dla szkół wyższych. Skrypty).
080 -Uniwersalna Klasyfikacja Dziesiętna [ , ]
    • 2
    • Identyfikator wydania tablic
    • UDC-P058
    • a
    • Symbol klasyfikacji
    • 338.48
    • b
    • Dopowiedzenie
    • Turystyka. Turyzm.
    • x
    • Poddział wspólny
    • (075.8)
    • b
    • Dopowiedzenie
    • (Podręczniki dla szkół wyższych. Skrypty).
080 -Uniwersalna Klasyfikacja Dziesiętna [ , ]
    • 2
    • Identyfikator wydania tablic
    • UDC-P058
    • a
    • Symbol klasyfikacji
    • 379.83/.84
    • b
    • Dopowiedzenie
    • Czas wolny i rekreacja poza domem. Rekreacja na powietrzu, na wsi, w górach, nad wodą.
    • x
    • Poddział wspólny
    • (075.8)
    • b
    • Dopowiedzenie
    • (Podręczniki dla szkół wyższych. Skrypty).
980 -Symbol UKD [ , ]
    • a
    • UKD
    • 311:338.48:379.83/.84](075.8)
920 -ISBN [ , ]
    • a
    • ISBN
    • 83-88923-09-9 Find
Numer inwentarzowy Data inwentaryzacji Status udost. Lokalizacja Sygnatura
WF.83082008-05-291BMStatystyka